<?xml version="1.0" encoding="UTF-8"?>
<record
    xmlns:xsi="http://www.w3.org/2001/XMLSchema-instance"
    xsi:schemaLocation="http://www.loc.gov/MARC21/slim http://www.loc.gov/standards/marcxml/schema/MARC21slim.xsd"
    xmlns="http://www.loc.gov/MARC21/slim">

  <leader>00441nam a22001577a 4500</leader>
  <controlfield tag="003">GBCCL</controlfield>
  <controlfield tag="005">20250903150722.0</controlfield>
  <controlfield tag="008">250903b        |||||||| |||| 00| 0 eng d</controlfield>
  <datafield tag="040" ind1=" " ind2=" ">
    <subfield code="c">GBC</subfield>
  </datafield>
  <datafield tag="082" ind1=" " ind2=" ">
    <subfield code="a">SOU GRA</subfield>
    <subfield code="b">2025</subfield>
  </datafield>
  <datafield tag="245" ind1=" " ind2=" ">
    <subfield code="a">Grace Model School NE Tlangnuam :</subfield>
    <subfield code="b">Silver Jubilee souvenir 2000-2025</subfield>
  </datafield>
  <datafield tag="260" ind1=" " ind2=" ">
    <subfield code="a">NE Tlangnuam :</subfield>
    <subfield code="b">School committe,</subfield>
    <subfield code="c">2025</subfield>
  </datafield>
  <datafield tag="300" ind1=" " ind2=" ">
    <subfield code="a">48p. </subfield>
  </datafield>
  <datafield tag="650" ind1=" " ind2=" ">
    <subfield code="a">Souvenir</subfield>
    <subfield code="v">Grace model school</subfield>
  </datafield>
  <datafield tag="942" ind1=" " ind2=" ">
    <subfield code="2">ddc</subfield>
    <subfield code="c">ARCH</subfield>
    <subfield code="n">0</subfield>
  </datafield>
  <datafield tag="999" ind1=" " ind2=" ">
    <subfield code="c">10932</subfield>
    <subfield code="d">10932</subfield>
  </datafield>
  <datafield tag="952" ind1=" " ind2=" ">
    <subfield code="0">0</subfield>
    <subfield code="1">0</subfield>
    <subfield code="2">ddc</subfield>
    <subfield code="4">0</subfield>
    <subfield code="7">0</subfield>
    <subfield code="a">GBC</subfield>
    <subfield code="b">GBC</subfield>
    <subfield code="c">ARC</subfield>
    <subfield code="d">2025-09-03</subfield>
    <subfield code="l">0</subfield>
    <subfield code="o">SOU GRA 2025</subfield>
    <subfield code="p">250298</subfield>
    <subfield code="r">2025-09-03 15:07:35</subfield>
    <subfield code="t">c.1</subfield>
    <subfield code="w">2025-09-03</subfield>
    <subfield code="y">ARCH</subfield>
  </datafield>
  <datafield tag="952" ind1=" " ind2=" ">
    <subfield code="0">0</subfield>
    <subfield code="1">0</subfield>
    <subfield code="2">ddc</subfield>
    <subfield code="4">0</subfield>
    <subfield code="7">0</subfield>
    <subfield code="a">GBC</subfield>
    <subfield code="b">GBC</subfield>
    <subfield code="c">ARC</subfield>
    <subfield code="d">2025-09-03</subfield>
    <subfield code="l">0</subfield>
    <subfield code="o">SOU GRA 2025</subfield>
    <subfield code="p">250299</subfield>
    <subfield code="r">2025-09-03 15:07:00</subfield>
    <subfield code="t">c.2</subfield>
    <subfield code="w">2025-09-03</subfield>
    <subfield code="y">ARCH</subfield>
  </datafield>
  <datafield tag="952" ind1=" " ind2=" ">
    <subfield code="0">0</subfield>
    <subfield code="1">0</subfield>
    <subfield code="2">ddc</subfield>
    <subfield code="4">0</subfield>
    <subfield code="7">0</subfield>
    <subfield code="a">GBC</subfield>
    <subfield code="b">GBC</subfield>
    <subfield code="c">ARC</subfield>
    <subfield code="d">2025-09-03</subfield>
    <subfield code="l">0</subfield>
    <subfield code="o">SOU GRA 2025</subfield>
    <subfield code="p">250300</subfield>
    <subfield code="r">2025-09-03 15:07:00</subfield>
    <subfield code="t">c.3</subfield>
    <subfield code="w">2025-09-03</subfield>
    <subfield code="y">ARCH</subfield>
  </datafield>
</record>
